Fundamental methods of mathematical economics (Record no. 6918)

MARC details
000 -LEADER
fixed length control field 00671nam a22002177a 4500
003 - CONTROL NUMBER IDENTIFIER
control field OSt
005 - DATE AND TIME OF LATEST TRANSACTION
control field 20210510125435.0
008 - FIXED-LENGTH DATA ELEMENTS--GENERAL INFORMATION
fixed length control field 210510b ||||| |||| 00| 0 eng d
020 ## - INTERNATIONAL STANDARD BOOK NUMBER
International Standard Book Number 9781259097348,
020 ## - INTERNATIONAL STANDARD BOOK NUMBER
International Standard Book Number 125909734x
040 ## - CATALOGING SOURCE
Transcribing agency DDC
082 ## - DEWEY DECIMAL CLASSIFICATION NUMBER
Classification number 330.01 CHI 2005
100 ## - MAIN ENTRY--PERSONAL NAME
Personal name Chiang, Alpha C.; Wainwright, Kevin
9 (RLIN) 14191
245 ## - TITLE STATEMENT
Title Fundamental methods of mathematical economics
250 ## - EDITION STATEMENT
Edition statement 4th ed
260 ## - PUBLICATION, DISTRIBUTION, ETC. (IMPRINT)
Place of publication, distribution, etc. Boston:
Name of publisher, distributor, etc. McGraw-Hill/Irwin,
Date of publication, distribution, etc. ©2005
300 ## - PHYSICAL DESCRIPTION
Extent xix, 688 pages :
Other physical details illustrations ;
Dimensions 24 cm
504 ## - BIBLIOGRAPHY, ETC. NOTE
Bibliography, etc Includes bibliographical references (pages 659-661) and index
650 ## - SUBJECT ADDED ENTRY--TOPICAL TERM
Topical term or geographic name as entry element Economics, Mathematical
9 (RLIN) 14185
942 ## - ADDED ENTRY ELEMENTS (KOHA)
Source of classification or shelving scheme Dewey Decimal Classification
Koha item type Book
Holdings
Withdrawn status Lost status Source of classification or shelving scheme Damaged status Not for loan Home library Current library Date acquired Source of acquisition Inventory number Total Checkouts Full call number Barcode Date last seen Koha item type Public note
    Dewey Decimal Classification     Faculty of Management Science Library Faculty of Management Science Library 10/05/2021 Purchase 21/41405   330.01 CHI 2005 2021-0496 10/05/2021 Open Shelf Material in Hard copy